000 00538nam a2200181Ia 4500
001 20109
005 20260306172742.0
008 260306t2010||||xx |||||||||||||| ||spa||
041 _aESP
082 _a342.211
_bS17 T. 3
100 _aSalmón, Elilizabeth
_eAUT
245 0 _aLos pueblos indígenas en la jurisprudencia de la corte interamericana de los derechos humanos:
_bestándares en torno a su protección y promoción
260 _c2010
300 _a
_c21 cm.
650 _aGEN
654 _aCDE
942 _cLIB
_dJUS
_fJUS
_2ddc
_n
999 _c20109
_d20109